Reinforcement Learning: Theory and Practice

Bibliographic Details
Main Author: Szepesvári, Csaba (Author)
Format: Article
Language:English
ISBN:8096793527

MARC

LEADER 00000naa a2200000uu 4500
001 vtls010952173
003 SK-MaSNL
005 20260302123639.0
008 210906|1998 xo |||||||||||||||||eng|
015 |a SNBRA 
035 |a (urnnbn)urn:nbn:sk:snk:ar-a0bklv 
035 |a (uuid)4d19d0a7-d008-49de-b923-4c19c956b239 
035 |a urn:nbn:sk:snk-aaucmp 
040 |a SNKBUCL  |b slo  |c SNKBUCL  |e AACR2 
041 0 |a eng 
044 |a xo  |c SK 
100 1 |a Szepesvári, Csaba  |4 aut  |9 808700 
245 1 0 |a Reinforcement Learning: Theory and Practice  |c Csaba Szepesvári 
773 0 |t 2nd Slovak conference on artificial neural networks  |d Trnava : [B-print, 1998, 1998  |g S. 29-38  |z 8096793527 
958 |a OND 
958 |a article11 
958 |a chapter 
999 |c 1284018  |d 1285948